Statistiche per Semifinaliste dei Mondiali

Clicka qui per fare il quiz!

Statistiche generali

  • Questo quiz è stato fatto 28 volte
    (19 dall'ultimo reset)
  • Il punteggio medio è 21 su 25

Statistiche sulle risposte

ContinenteNumero semifinaliEdizione delle semifinaliNazionale% Corretto
America del Sud111938; 1950; 1958; 1962; 1970; 1974; 1978; 1994; 1998; 2002; 2014Brasile
100%
Europa131934; 1954; 1958; 1966; 1970; 1974; 1982; 1986; 1990; 2002; 2006; 2010; 2014Germania / Germania Ovest
100%
America del Sud61930; 1978; 1986; 1990; 2014; 2022Argentina
94%
Europa21986; 2018Belgio
94%
Europa71958; 1982; 1986; 1998; 2006; 2018; 2022Francia
94%
Europa31966; 1990; 2018Inghilterra
94%
Europa81934; 1938; 1970; 1978; 1982; 1990; 1994; 2006Italia
94%
Europa51974; 1978; 1998; 2010; 2014Paesi Bassi
94%
Europa21966; 2006Portogallo
94%
America del Sud71958; 1982; 1986; 1998; 2006; 2018; 2022Uruguay
94%
Europa21974, 1982Polonia
89%
Europa41938; 1950; 1958; 1994Svezia
89%
Europa11994Bulgaria
83%
America del Sud11962Cile
83%
Europa21950; 2010Spagna
83%
America del Nord11930Stati Uniti
83%
Europa21938; 1954Ungheria
83%
Africa12022Marocco
78%
Asia / Europa11966Russia / Unione Sovietica
78%
Asia / Europa12002Turchia
78%
Asia12002Corea del Sud
72%
Europa21934; 1962Repubblica Ceca / Cecoslovacchia
72%
Europa31998, 2018; 2022Croazia
67%
Europa21930; 1958Serbia / Jugoslavia
67%
Europa21934; 1954Austria
56%

Distribuzione punteggi

Percentile per numero di risposta

Percentuale di utenti per punteggio

I tuoi punteggi nel tempo

Non hai fatto questo quiz dall'ultimo reset